000 00252nam a2200097 a 4500
005 20140414132112.0
008 110812s19uu xx 00 eng d
050 _aER
_bOV2
245 _aOver and under :
_bThe land before time collection.
999 _c114788
_d114788